Responses for show #4686 - Monday, January 10, 2005

Contestants

[<< previous game]

Jennie Gerres, a surgical technology student from North Ridgeville, Ohio

Rick Pernod, a teacher from the Bronx, New York

Joshua Allen, a student from North Hollywood, California (whose 1-day cash winnings total $24,001)

[next game >>]

Jeopardy! Round responses

PRESIDENTIAL LIBRARIES
FILMS OF THE '70s
SO NICE THEY NICKNAMED ME TWICE
BACK TO THE HOTEL
THE WEATHER CHANNEL
THE BIRD IS THE WORD
    $200 14
Maine

Joshua
    $200 1
Halloween

Jennie
    $200 24
Frank Sinatra

Joshua
    $200 19
dogs

Rick
    $200 6
humidity

Joshua
    $200 11
the gander

Jennie
    $400 15
Truman and Eisenhower

Joshua
    $400 2
Robert Redford

Joshua
    $400 25
Annie Oakley

Rick
    $400 20
Dublin

Joshua
    $400 7
lightning strikes

Jennie
    $400 12
the cuckoo

Triple Stumper
    $600 16
the University of Michigan

Jennie
    $600 3
Deliverance

Jennie
    $600 26
Alexander the Great

Joshua
    $600 21
Queen Mary

Joshua
    $600 8
ice age

Joshua
    $600 13
a crow

Joshua
    $800 17
Jacqueline Kennedy

Triple Stumper
    $600 4
Young Frankenstein

Jennie
    $800 27
Edward Teller

Triple Stumper
    $800 22
the Venetian

Joshua
    $800 9
(Rick: What is Africa?)

Australia

Rick
Triple Stumper
    $800 29
a lark

Joshua
    $1000 18
(Rick: Who is Nixon?)

Ronald Reagan

Rick
Triple Stumper
    $1000 5
Love Story

Joshua
    $1000 28
(Joshua: Who is Dr. Seuss?)
(Jennie: Who is Blake?)

Longfellow

JoshuaJennie
Triple Stumper
    $1000 23
the Roosevelt

Joshua
    $1000 10
drizzle

Joshua
    $1000 30
a clay pigeon

Jennie

Scores at the first commercial break (after clue 15):

Joshua Rick Jennie
$4,400 -$800 $2,000

Scores at the end of the Jeopardy! Round:

Joshua Rick Jennie
$7,800 -$1,200 $2,600

Double Jeopardy! Round responses

FIRST THINGS FIRST
SPORTS TROPHIES
(Alex: We want you to name the sport.)
ART
A RANK CATEGORY
OLD NAMES ON THE MAP
CATCHING SOME "ZZ"s
    $400 6
January 1, 2001

Joshua
    $400 1
tennis (golf accepted)

Jennie
    $400 17
a triptych

Rick
    $400 26
Commander in Chief

Joshua
    $400 4
Trinidad

Triple Stumper
    $400 3
a grizzly bear

Triple Stumper
    $800 7
Ham

Triple Stumper
    $800 2
hockey

Joshua
    $800 18
(Jennie: Who is Botticelli?)

Da Vinci

Jennie
Triple Stumper
    $800 27
sumo wrestling

Joshua
    $800 5
(Alex: Yugoslavia's leader was Marshall Tito.)

Titograd

Triple Stumper
    $800 22
dazzle

Rick
    $1200 8
Absolut

Jennie
    $1200 11
(Rick: What is cycling?)
...
(Alex: You know it better as the World Cup of [*].)

soccer

Rick
Triple Stumper
    $1200 19
Dalí

Rick
    $1200 28
yeoman

Triple Stumper
    $1200 14
(Joshua: What is Casablanca?)

Cartagena

Joshua
Triple Stumper
    $1200 23
Whizzer

Rick
    $3,000 9
(Jennie: What are used books?)

paperbacks

Jennie
    $500 12
curling

Jennie
    $1600 20
Alfred Stieglitz

Triple Stumper
    $1600 29
czarevich

Triple Stumper
    $1600 15
The Malagasy Republic

Triple Stumper
    $1600 24
Nebuchadnezzar

Joshua
    $2000 10
Mexico

Triple Stumper
    $2000 13
boxing

Triple Stumper
    $2000 21
realism

Triple Stumper
    $2000 30
envoy

Rick
    $2000 16
Königsberg

Triple Stumper
    $2000 25
Brazzaville

Joshua

Scores at the end of the Double Jeopardy! Round:

Joshua Rick Jennie
$12,600 $3,200 $900
(lock game)

[wagering suggestions for these scores]

Final Jeopardy! Round responses

20th CENTURY AUTHORS
[Alex reads the quote with a Russian accent.]
(Alex: When you say author and scientist, there are a couple of names that will come to mind, but both of them are still alive.)
JennieWho was Asimov?
$400
RickWho is Asimov
$1,300
JoshuaWho was Isaac Asimov?
$2,400
Isaac Asimov

Final scores:

Joshua Rick Jennie
$15,000 $4,500 $1,300
2-day champion: $39,001 2nd place: $2,000 3rd place: $1,000

Game dynamics:

Coryat scores:

Joshua Rick Jennie
$12,600 $3,200 $5,200
21 R,
2 W
7 R,
3 W
10 R
(including 2 DDs),
3 W
(including 1 DD)

Combined Coryat: $21,000

The J! Archive is created by fans, for fans. The Jeopardy! game show and all elements thereof, including but not limited to copyright and trademark thereto, are the property of Jeopardy Productions, Inc. and are protected under law. This website is not affiliated with, sponsored by, or operated by Jeopardy Productions, Inc. Join the discussion at JBoard.tv.